00918nam a2200217 a 4500001001000000003000900010005001700019007000300036008004100039040002500080082002300105111008700128245007900215246005600294260008200350300002000432611010100452650006100553650004800614700003800662000026155DO-SdBNP20240308073618.0ta110303s1998 dr r 000 0 spa d aDO-SdBNPbspacBNPHU a021.7bF356s, 20082 aFeria Internacional del Libron(1ª :d1998 : 23 abril al 3 mayo :cSanto Domingo)10aI Feria Internacional del Libro Santo Domingo, 1998 :bprograma general /13aPrimera Feria Internacional del Libro Santo Domingo aSanto Domingo :bComisión Permanente de la Feria Nacional del Libro,c1998. a39 p. ;c22 cm.24aFERIA INTERNACIONAL DEL LIBROn(8ª :d2005 :cSANTO DOMINGO, REPÚBLICA DOMINICANA)xPROGRAMAS 4aFeria del librozRepública DominicanaxProgramasy1998 4aIndustria del librozRepública Dominicana1 aDeive, Carlos Esteban,d1935-2019